| 000 | 01364nam0a2200349 4500 | ||
|---|---|---|---|
| 001 | RU\NLR\BIBL_A\022618850 | ||
| 005 | 20260406054840.0 | ||
| 010 |
_a978-5-907337-29-9 _9500 |
||
| 035 | _a(NLR Aleph) 022618850 | ||
| 090 |
_a13471760 _c13471760 |
||
| 100 | _a20250910d2025 k y0rusy50 ca | ||
| 101 | 1 |
_arus _ceng |
|
| 102 | _aRU | ||
| 105 | _aa z 000zy | ||
| 181 | 0 |
_ai3 _baxxe |
|
| 182 | 0 | _an | |
| 200 | 1 |
_aМатематика, философия и йога _fФранклин Меррел-Вольф _gперевод с английского К. Семёнова |
|
| 203 |
_aТекст _bвизуальный _cнепосредственный |
||
| 210 |
_aМосква _cСофия _d2025 |
||
| 215 |
_a222, [1] с. _cил. _d17 |
||
| 225 | 1 | _aКниги, которые дарят мудрость | |
| 333 | _a16+ | ||
| 606 | 1 |
_aЙога _jЛекции, доклады и т.п _91123715 _3RU\NLR\AUTH\66125824 |
|
| 606 | 1 |
_aСознание философское _jЛекции, доклады и т.п _91645381 _3RU\NLR\AUTH\661026270 |
|
| 686 | 2 | _aЭ331-4-340.2я9 | |
| 686 | 1 | _aЮ212.2я7 | |
| 700 | 1 |
_8rus _7ca _aМеррелл-Вольф _bФ. _f1887-1985 _gФранклин _3RU\NLR\AUTH\779327 _9119160 |
|
| 942 | _cBOOK | ||
| 980 | _aNB | ||